| 000 | 00943nam a22002417a 4500 | ||
|---|---|---|---|
| 999 |
_c7383 _d7383 |
||
| 003 | AR-CdUCM | ||
| 008 | 190320b ||||| |||| 00| 0 spa d | ||
| 040 |
_aMUNICIPALIDAD PROVINCIAL DEL CUSCO _cBIBLIOTECA MUNICIPAL DEL CUSCO |
||
| 041 | _heng | ||
| 082 |
_25ed. (2da impresión en español) _a621.81 / _bG92 |
||
| 100 |
_aGuillet, George Leroy _920803 |
||
| 245 | _aCinemática de las máquinas / | ||
| 260 |
_aMéxico, D.F : _bContinental, _c1961. |
||
| 300 |
_a340 páginas ; _bfiguras, laminas, _c23 cm. |
||
| 505 | _aContenido: Consideraciones generales -- Desplazamiento, velocidad y aceleración -- Centros instantáneos -- Velocidad y aceleración en el movimiento Coplanario -- Mecanismo de corredera ... | ||
| 650 |
_aMáquinas _920333 |
||
| 650 |
_aTrenes _920804 |
||
| 650 |
_aMecanismo _920805 |
||
| 650 |
_aTransmisiones _918630 |
||
| 700 |
_aRivera R., Xavier (traducción) _920806 |
||
| 942 |
_2ddc _cLIBROS |
||
| 945 | _aachl | ||